Introduction à la théorie des sous-ensembles flous : à l'usage des ingénieurs (fuzzy sets theory) /

Guardado en:
Autor Principal: Kaufmann, A. 1911-
Formato: Libro
Idioma:French
Publicado: Paris : Masson, 1973-1977.
Materias:
Etiquetas: Agregar Etiqueta
Sin Etiquetas, Sea el primero en etiquetar este registro!
LEADER 01380cam a2200301 a 4500
001 MAT.inmabb004096
008 730627m19731977fr#a#####b####001#0#fre##
005 20160526131807.0
245 1 0 |a Introduction à la théorie des sous-ensembles flous :  |b à l'usage des ingénieurs (fuzzy sets theory) /  |c A. Kaufmann ; préface du pr. L. A. Zadeh. 
260 |a Paris :  |b Masson,  |c 1973-1977. 
300 |a 4 v. :  |b il. ;  |c 24 cm. 
504 |a Incluye referencias bibliográficas e índices. 
505 1 |a t. 1. Éléments théoriques de base. -- t. 2. Applications à la linguistique à la logique et à la sémantique -- t. 3. Applications à la classification et à la reconnaissance des formes, aux automates et aux systèmes, au choix des critères -- t. 4. Compléments et nouvelles applications. 
510 4 |a MR,  |c 58 #5245a  |3 (t. 1) 
510 4 |a MR,  |c 58 #25056a  |3 (t. 2, 3, 4) 
020 |z 2225366305 (t. 1) 
020 |a 2225402930 (t. 2) 
020 |a 222540304X (t. 3) 
020 |a 2225440336 (t. 4) 
100 1 |a Kaufmann, A.  |q (Arnold),  |d 1911- 
650 0 |a Fuzzy sets. 
084 |a 03E72  |2 msc2000 
010 |a  73078515  
040 |a DLC  |c DLC  |d DLC 
859 |h 03  |i K21  |p A-6339  |v 1  |3 t. 1  |b BIB. MATEMATICA 
859 |h 03  |i K21  |p A-6340  |v 2  |3 t. 2  |b BIB. MATEMATICA 
859 |h 03  |i K21  |p A-6341  |v 3  |3 t. 3  |b BIB. MATEMATICA 
859 |h 03  |i K21  |p A-6342  |v 4  |3 t. 4  |b BIB. MATEMATICA